Szczegóły MARC21

Dabei! : Deutsch für Jugendliche : A.1 : Testtrainer mit Audio-CD : Kopiervorlagen : Deutsch als Fremdsprache /

003 -Nazwa inst., której nr kontr. jest w polu 001 [,]
    • @
    • Nazwa instytucji, której n kontrolny jest w polu 001
    • NUKAT
005 -DATA I CZAS OSTATNIEJ MODYFIKACJI [,]
    • @
    • pole kontrolne
    • 20241231114250.0
020 -Międzynarod. znormalizowany nr książki - ISBN [ , ]
    • a
    • Numer ISBN
    • 9783190516780 Find
040 -Instytucja sporządzająca opis [ , ]
    • a
    • Instytucja, która sporządziła opis (NP)
    • SZCZ U/KP
    • b
    • Język katalogowania
    • pol
    • e
    • Zasady katalogowania
    • rda
    • c
    • Instytucja, która sporządziła rekord (NP)
    • SZCZ U/KPs
942 -Rodzaj dokumentu [ , ]
    • c
    • Rodzaj dokumentu
    • Książka
100 -Hasło główne - nazwa osobowa [1, ]
    • a
    • Nazwa osobowa (NP)
    • Kopp-Schmidt, Gabriele.
    • e
    • Rodzaj współpracy
    • Autor
    • 9
    • KHW
    • 69063
245 -Strefa tytułu i oznaczenia odpowiedzialności [1,0]
    • a
    • Tytuł
    • Dabei! : Find
    • b
    • Ciąg dalszy tytułu (NP)
    • Deutsch für Jugendliche : A.1 : Testtrainer mit Audio-CD : Kopiervorlagen : Deutsch als Fremdsprache / Find
    • c
    • Pozostałe elementy strefy tytułu i oznaczenia odpowiedzialności (NP)
    • Gabriele Kopp, Josef Alberti.
250 -Strefa wydania [ , ]
    • a
    • Oznaczenie wydania (NP)
    • 1. Auflage, 1. Druck.
260 -Strefa adresu wydawniczego [ , ]
    • a
    • Miejsce wydania (P)
    • München :
    • b
    • Nazwa wydawcy (P)
    • Hueber Verlag,
    • c
    • Data wydania (P)
    • © 2020.
300 -Strefa opisu fizycznego [ , ]
    • a
    • Określenie formy książki i/lub objętość (NP)
    • 72 strony :
    • b
    • Oznaczenie ilustracji (NP)
    • ilustracje kolorowe ;
    • c
    • Format (NP)
    • 30 cm +
    • e
    • Oznaczenie dokumentu towarzyszącego (NP)
    • audio-cd.
336 -Typ zawartości [ , ]
    • a
    • Termin opisujący typ zawartości
    • Tekst
    • b
    • Kod określający zawartość
    • txt
    • 2
    • Źródło (terminu i kodu)
    • rdacontent
337 -Typ mediów [ , ]
    • a
    • Tryb odtwarzania
    • Bez urządzenia pośredniczącego
    • b
    • Kod typu mediów
    • n
    • 2
    • Źródło (terminu i kodu)
    • rdamedia
337 -Typ mediów [ , ]
    • a
    • Tryb odtwarzania
    • Audio
    • b
    • Kod typu mediów
    • s
    • 2
    • Źródło (terminu i kodu)
    • rdamedia
338 -Typ/rodzaj nośnika [ , ]
    • a
    • Hasło opisujące typ nośnika
    • Wolumin
    • b
    • Kod typu nośnika
    • nc
    • 2
    • Źródło (terminu i kodu)
    • rdacarrier
338 -Typ/rodzaj nośnika [ , ]
    • a
    • Hasło opisujące typ nośnika
    • Płyta audio
    • b
    • Kod typu nośnika
    • sd
    • 2
    • Źródło (terminu i kodu)
    • rdacarrier
650 -Hasło przedmiotowe [ ,7]
    • a
    • Hasło przedmiotowe
    • Język niemiecki
    • v
    • Określnik formalny
    • podręczniki dla gimnazjów.
    • 2
    • Źródło terminu
    • kaba
    • 9
    • KHW
    • 539111
650 -Hasło przedmiotowe [ ,7]
    • a
    • Hasło przedmiotowe
    • Język niemiecki
    • v
    • Określnik formalny
    • podręczniki dla liceów.
    • 2
    • Źródło terminu
    • kaba
    • 9
    • KHW
    • 374744
650 -Hasło przedmiotowe [ ,7]
    • a
    • Hasło przedmiotowe
    • Język niemiecki
    • v
    • Określnik formalny
    • podręczniki dla obcojęzycznych.
    • 2
    • Źródło terminu
    • kaba
    • 9
    • KHW
    • 360973
700 -Hasło dodatkowe - nazwa osobowa [1, ]
    • a
    • Nazwa osobowa (NP)
    • Alberti, Josef. Find
    • e
    • Określenie rodzaju współpracy
    • Autor
    • 9
    • KHW
    • 614063
710 -Hasło dodatkowe - nazwa ciała zbiorowego [2, ]
    • a
    • Nazwa ciała zbiorowego lub nazwa geograficzna jako pierwszy element (NP)
    • Max Hueber Verlag.
    • e
    • Rodzaj współpracy
    • Wydawca
    • 4
    • Kod relacji
    • pbl
    • 9
    • KHW
    • 81840
920 -ISBN [ , ]
    • a
    • ISBN
    • 978-3-19-051678-0 Find
Sygnatura Data inwentaryzacji Lokalizacja Status udost. Numer inwentarzowy
Germ. Nauka jęz.-podręczniki 672021-10-28BM-3BJM.614